5 najczęściej zgadywanych stolic według kontynetnu - Statystyki

Ogólne statystyki
  • Ten quiz został rozwiązany 5 338 razy
  • Średni wynik to 19 z 30
Statystyki odpowiedzi
Kontynent % Stolica Państwo % Poprawnych
Europa 90% Paryż Francja
96%
Europa 89% Berlin Niemcy
95%
Europa 92% Warszawa Polska
93%
Europa 88% Madryt HIszpania
90%
Europa 88% Moskwa Rosja
90%
Ameryka Północna 72% Waszyngton Stany Zjednoczone
89%
Azja 70% Tokio Japonia
87%
Azja 68% Pekin Chiny
85%
Afryka 51% Kair Egipt
83%
Ameryka Północna 64% Meksyk Meksyk
82%
Ameryka Północna 56% Ottawa Kanada
79%
Ameryka Południowa 54% Brasilia Brazylia
72%
Ameryka Południowa 51% Buenos Aires Argentyna
71%
Oceania 44% Canberra Australia
67%
Azja 54% Seul Korea Południowa
64%
Afryka 30% Rabat Maroko
55%
Ameryka Południowa 35% Bogota Kolumbia
53%
Ameryka Południowa 37% Lima Peru
53%
Afryka 28% Tunis Tunezja
53%
Afryka 34% Algier Algieria
52%
Afryka 28% Pretoria / Kapsztad / Bloemfontein Południowa Afryka
50%
Oceania 28% Wellington Nowa Zelandia
50%
Ameryka Południowa 35% Santiago Chile
47%
Ameryka Północna 41% Hawana Kuba
46%
Azja 53% Ankara Turcja
45%
Azja 49% Jerozolima Izrael
35%
Ameryka Północna 39% Panama Panama
35%
Oceania 11% Port Moresby Papua-Nowa Gwinea
17%
Oceania 11% Suva Fidżi
16%
Oceania 8% Apia Samoa
10%
Nie znaleziono quizów pasujących do podanych kryteriów
Rozkład punktacji
Procent ludzi z każdym wynikiem
Percentyl według liczby udzielonych odpowiedzi
Twoja historia wyników
Nie rozwiązałeś tego quizu